[Event "5th Terre degli Elimi Open 2014"]
[Site "Erice ITA"]
[Date "2014.07.19"]
[Round "1.17"]
[White "Di Misa,S"]
[Black "Manakova,M"]
[Result "0-1"]
[BlackTitle "WGM"]
[WhiteElo "1962"]
[BlackElo "2273"]
[WhiteFideId "832715"]
[BlackFideId "927007"]
[EventDate "2014.07.19"]

1. Nf3 Nf6 2. c4 g6 3. g3 Bg7 4. Bg2 O-O 5. O-O d5 6. cxd5 Nxd5 7. d4 Nc6 8. e3
Bf5 9. Nh4 Bc8 10. Qb3 Nb6 11. Nc3 e5 12. d5 Na5 13. Qc2 Qe7 14. b3 e4 15. Bxe4
Bxc3 16. Qxc3 Qxe4 17. Qxa5 Qxd5 18. Qxd5 Nxd5 19. Bb2 f6 20. e4 Nb4 21. Rfd1
Be6 22. a3 Nc6 23. b4 Kf7 24. Nf3 Bg4 25. Kg2 Rad8 26. h3 Bc8 27. Ng1 Rfe8 28.
f3 a6 29. Ne2 Be6 30. Nc3 Bb3 31. Rxd8 Rxd8 0-1

[Event "5th Terre degli Elimi Open 2014"]
[Site "Erice ITA"]
[Date "2014.07.21"]
[Round "4.2"]
[White "Manakova,M"]
[Black "Maiorov,N1"]
[Result "0-1"]
[WhiteTitle "WGM"]
[BlackTitle "GM"]
[WhiteElo "2273"]
[BlackElo "2531"]
[WhiteFideId "927007"]
[BlackFideId "13501720"]
[EventDate "2014.07.19"]

1. e4 e5 2. Nf3 Nc6 3. Nc3 Nf6 4. d4 exd4 5. Nxd4 Bb4 6. Nxc6 bxc6 7. Bd3 O-O 8.
O-O d5 9. exd5 cxd5 10. Bg5 c6 11. Qf3 h6 12. Bf4 Bd6 13. h3 Rb8 14. b3 Bb7 15.
Rfe1 c5 16. Rad1 Bxf4 17. Qxf4 Qa5 18. Qd2 Qc7 19. Ne2 c4 20. Bf5 Rfe8 21. c3
Ne4 22. Bxe4 dxe4 23. b4 Rbd8 24. Qf4 Qxf4 25. Nxf4 f5 26. h4 Bc6 27. h5 Ba4 28.
Rd5 Rxd5 29. Nxd5 Kf7 30. Ne3 Ke6 31. Nxc4 Rc8 32. Nb2 Be8 33. c4 Bxh5 34. f3
Ke5 35. fxe4 fxe4 36. Nd3+ Kd4 37. Nf4 Bf7 38. c5 e3 0-1

[Event "5th Terre degli Elimi Open 2014"]
[Site "Erice ITA"]
[Date "2014.07.23"]
[Round "7.3"]
[White "Ferro,Ma"]
[Black "Manakova,M"]
[Result "1/2-1/2"]
[BlackTitle "WGM"]
[WhiteElo "2242"]
[BlackElo "2273"]
[WhiteFideId "810290"]
[BlackFideId "927007"]
[EventDate "2014.07.19"]

1. d4 Nf6 2. Nf3 g6 3. g3 Bg7 4. Bg2 O-O 5. O-O d5 6. c4 dxc4 7. Na3 c3 8. bxc3
c5 9. Ne5 Nc6 10. Nxc6 bxc6 11. Qa4 cxd4 12. cxd4 Nd5 13. Qxc6 Be6 14. Bd2 Rc8
15. Qa6 Nc7 16. Qa5 Qxd4 17. Rac1 Qb6 18. Rc6 Qxa5 19. Bxa5 Nd5 20. Rfc1 Rb8 21.
Ra6 Rb2 22. Rc2 Rxc2 23. Nxc2 Rc8 24. Be4 Nf6 25. Bd3 Nd7 26. Bb4 Ne5 27. Be4
Rc4 28. f3 f5 29. Bd3 Nxd3 30. exd3 Bd4+ 31. Nxd4 Rxd4 32. Bxe7 1/2-1/2